[Event "Novorossiysk Small Land Blitz op"]
[Site "Novorossiysk"]
[Date "2023.07.29"]
[Round "1"]
[White "Hasangatin, Ramil"]
[Black "Turov, Dmitriy"]
[Result "1-0"]
[WhiteElo "2457"]
[BlackElo "1148"]
[PlyCount "57"]
[EventDate "2023.07.29"]
[EventType "swiss (blitz)"]
[EventRounds "13"]
[EventCountry "RUS"]
[SourceTitle "CBM 215 Extra"]
[Source "ChessBase"]
[SourceDate "2023.09.30"]
[SourceVersion "1"]
[SourceVersionDate "2023.09.30"]
[SourceQuality "1"]

1. e4 c6 2. Nf3 d5 3. d3 Bg4 4. Qe2 Bxf3 5. Qxf3 e6 6. g3 Nd7 7. Bg2 Ngf6 8. 0-0 Bc5 9. Qe2 Qc7 10. Re1 dxe4 11. dxe4 0-0 12. e5 Nd5 13. c4 Ne7 14. Nd2 Ng6 15. Nf3 a5 16. h4 Bb4 17. Bd2 Bxd2 18. Qxd2 Ndxe5 19. Nxe5 Nxe5 20. Qf4 f6 21. h5 Rac8 22. Qe4 Qf7 23. Bh3 Rfe8 24. h6 Qg6 25. Kg2 Qxe4+ 26. Rxe4 Rcd8 27. b3 b5 28. cxb5 cxb5 29. Rae1 1-0